| 000 | 00445nam a2200193Ia 4500 | ||
|---|---|---|---|
| 999 |
_c61959 _d61959 |
||
| 003 | 0100 | ||
| 005 | 20170728075443.0 | ||
| 008 | 130303s9999 xx 000 0 und d | ||
| 040 | _cARRUPELIB | ||
| 050 | _aB819.C784 1953 | ||
| 100 |
_aCopleston Frederick Charles _933816 |
||
| 245 | _aExistentialism and modern man | ||
| 260 |
_bAquin Press _aLondon _c1953 |
||
| 300 | _a28p. | ||
| 300 | _b 22cm. | ||
| 650 |
_aExistentialism _91759 |
||
| 942 |
_2lcc _05 _cMONOGRAPH |
||